| 000 | 01329nam a2200241Ia 4500 | ||
|---|---|---|---|
| 003 | Ost | ||
| 005 | 20260507075324.0 | ||
| 008 | 260507s9999||||xx |||||||||||||| ||und|| | ||
| 020 | _a81783399579 | ||
| 040 | _cfsecg | ||
| 041 | _aara | ||
| 082 | _a658.3 | ||
| 100 |
_aالطائي، يوسف حجيم سلطان _eمؤلف |
||
| 245 | 0 |
_aالذكاء الشعوري في المنظمات : _bمدخل متكامل / _c يوسف حجيم سلطان الطائي |
|
| 260 |
_aعمان: _bمؤسسة الوراق للنشر والتوزيع, _c2010 |
||
| 300 |
_a238 صفحة؛ _bإيضاحات ؛ _c24 سم |
||
| 520 | _aنشأة الذكاء الشعوري، مراحل تطوره و ميادين دراسته و الطبيعة العضوية له، الذكاء الشكوري للفرد و خصائص مرتفعي و منخفضي الذكاء الشعوري، نماذج و مقاييس الذكاء الشعوري للفرد، نماذج و مقاييس الذكاء الشعوري للفريق و تطور هذا الذكاء في المنظمة و أخيرا الذكاء الشعوري للقائد | ||
| 653 | _aالذكاء | ||
| 653 | _aالسلوك الإداري | ||
| 653 | _aعلم النفس التطبيقي | ||
| 700 |
_aالعطوي، عامر علي حسين _eمؤلف ثانوي |
||
| 942 | _cكتاب | ||
| 999 |
_c43951 _d43951 |
||